RCB Quiz - Statistics

General Stats
  • This quiz has been taken 122 times
  • The average score is 6 of 9
Answer Stats
Question Answer % Correct
When did RCB start playing? 2008
99%
How many IPL seasons has RCB won? 0
81%
Who currently captains RCB? Virat Kohli
77%
What is the highest individual score? 175*
72%
What is their highest team score? 263/5
71%
Who first captained RCB? Rahul Dravid
69%
Who is the leading wicket-taker for RCB? Yuzvendra Chahal
65%
Who owns RCB? United Spirits
23%
What is their home ground? M. Chinnaswamy Stadium
20%
No matching quizzes found
Score Distribution
Percent of People with Each Score
Percentile by Number Answered
Your Score History
You have not taken this quiz